Statistics for Guess 100 Barcelona footballers by image

Click here to take the quiz!

General Stats

  • This quiz has been taken 313 times
  • The average score is 64 of 100

Answer Stats

Answer% Correct
Xavi
98%
Ronaldinho
94%
Lionel Messi
92%
Diego Maradona
91%
Antoine Griezmann
90%
Andrés Iniesta
89%
Carles Puyol
89%
Gerard Piqué
89%
Luis Suárez
89%
Neymar
89%
Robert Lewandowski
89%
Zlatan Ibrahimović
89%
Ansu Fati
88%
Gavi
88%
Johan Cruyff
88%
Marc-Andre ter Stegen
88%
Sergio Busquets
88%
Ferran Torres
86%
Frenkie de Jong
86%
Luis Enrique
86%
Memphis Depay
86%
Ousmane Dembele
86%
Arturo Vidal
85%
Dani Alves
85%
Luis Figo
85%
Ronaldo
85%
Pedri
84%
Ivan Rakitic
83%
Jordi Alba
83%
Jules Kounde
83%
Philippe Coutinho
83%
Raphinha
83%
Samuel Eto'o
83%
Samuel Umtiti
83%
Thierry Henry
83%
Victor Valdés
83%
Pep Guardiola
82%
Pierre-Emerick Aubameyang
82%
Ronald Araujo
79%
Ronald Koeman
79%
Rivaldo
78%
Alexis Sánchez
77%
Andreas Christensen
77%
David Villa
77%
Javier Mascherano
77%
Cesc Fabregas
76%
Claudio Bravo
75%
Deco
75%
Sergi Roberto
75%
Franck Kessie
74%
Marcos Alonso
74%
Pedro
72%
Patrick Kluivert
71%
Clement Lenglet
70%
Thiago Alcántara
70%
Miralem Pjanic
69%
Yaya Toure
69%
Bojan Krkic
68%
Arda Turan
66%
Lucas Digne
65%
Éric Abidal
63%
Martin Braithwaite
61%
Paulinho
61%
Edgar Davids
59%
Marc Bartra
57%
Nelson Semedo
57%
Romário
56%
Jeremy Mathieu
55%
Michael Laudrup
55%
Rafinha
55%
Rafael Marquez
54%
Arthur Melo
52%
Éric Garcia
51%
Hristo Stoichkov
51%
José Manuel Pinto
49%
Henrik Larsson
44%
Seydou Keita
44%
Gianluca Zambrotta
39%
Adriano
38%
Frank de Boer
37%
Mark van Bommel
34%
Maxwell
34%
Lilian Thuram
32%
Marc Overmars
32%
Thiago Motta
29%
Jari Litmanen
28%
Luis Suárez
26%
Andoni Zubizarreta
25%
Javier Saviola
25%
Gheorghe Hagi
24%
Giovanni van Bronckhorst
23%
Juliano Belletti
19%
Gabriel Milito
18%
Phillip Cocu
18%
László Kubala
17%
Johan Neeskens
14%
Vitor Baía
14%
Gaizka Mendieta
11%
Sándor Kocsis
5%
Ricardo Zamora
3%

Score Distribution

Percentile by Number Answered

Percent of People with Each Score

Your Score History

You have not taken this quiz